000 00243nam a2200109Ia 4500
100 _aWilson & Holt Jr.
650 _aChemistry
942 _cBK
245 _aHand Book Of Fixture Design
260 _bTata Mc Graw hill
_c2001
546 _aENGLISH
999 _c29080
_d29080